000 01371cad a22002055a 4500
001 L156545
008 120606s2012 xxk 000 0 eng d
035 _a(Sirsi) u156545
041 0 _aeng
110 2 _aCBRE Global Investors
_95985
245 0 0 _aUK propertywatch Q2 2012
_h[electronic resource]
260 _a[S.l.]
_bCBRE Global investors
_c2012
490 0 _aCBRE Global Investors UK Propertywatch
_vQ2 2012
520 _aThe UK economy has officially returned to recession shrinking 0.2% quarter-on-quarter in Q1 2012 after a 0.3% fall in Q4 2011. A fragile economic outlook continues to impact negatively on property occupier fundamentals and investor sentiment. Recent IPD monthly property indices show clearly that property valuations are beginning to reflect market conditions. Derivatives and listed markets signal weakness ahead for direct markets and occupational conditions remain subdued. Property investment is polarised between prime and secondary assets. Gilts are currently priced as safe haven assets and the yield gap with property should remain attractively wide.
590 _aNTK KA
651 4 _aUnited Kingdom
690 _aCommercial property
_96227
856 4 0 _uhttps://www.cbreglobalinvestors.com/research/publications/Documents/propertywatch/UKPropertyWatch_Q2%202012.pdf
_zView the report at www.cbreglobalinvestors.com
942 _n0
999 _c84070
_d84070